Topology (Record no. 6470)

MARC details
000 -LEADER
fixed length control field 00453nam a22001937a 4500
003 - CONTROL NUMBER IDENTIFIER
control field OSt
005 - DATE AND TIME OF LATEST TRANSACTION
control field 20200123120142.0
008 - FIXED-LENGTH DATA ELEMENTS--GENERAL INFORMATION
fixed length control field 200123b ||||| |||| 00| 0 eng d
020 ## - INTERNATIONAL STANDARD BOOK NUMBER
International Standard Book Number 0131784498
040 ## - CATALOGING SOURCE
Transcribing agency DDC
082 ## - DEWEY DECIMAL CLASSIFICATION NUMBER
Classification number 514 MUN 2000.
100 ## - MAIN ENTRY--PERSONAL NAME
Personal name Munkres,R.James;
9 (RLIN) 13306
245 ## - TITLE STATEMENT
Title Topology
250 ## - EDITION STATEMENT
Edition statement 2nd ed.
300 ## - PHYSICAL DESCRIPTION
Extent xvi,537p;
504 ## - BIBLIOGRAPHY, ETC. NOTE
Bibliography, etc includes index, and bibliography.
650 ## - SUBJECT ADDED ENTRY--TOPICAL TERM
Topical term or geographic name as entry element Topology
9 (RLIN) 5415
942 ## - ADDED ENTRY ELEMENTS (KOHA)
Source of classification or shelving scheme Dewey Decimal Classification
Koha item type Open Shelf
Holdings
Withdrawn status Lost status Source of classification or shelving scheme Damaged status Not for loan Home library Current library Date acquired Source of acquisition Inventory number Total Checkouts Full call number Barcode Date last seen Koha item type Price effective from
    Dewey Decimal Classification     MUST Main Library MUST Main Library 23/01/2020 Purchase 05/24637   514 MUN 2000. 2020-0102 23/01/2020 Open Shelf  
    Dewey Decimal Classification     MUST Main Library MUST Main Library 19/09/2022 Purchase 05/24635   514 MUN 2000. 2022-7999 19/09/2022 Open Shelf  
    Dewey Decimal Classification     MUST Main Library MUST Main Library 25/10/2023 Purchase 04/22883   514 MUN 2000. 2023-0696 25/10/2023 Open Shelf 25/10/2023